Una introducción a la teoría literaria (Registro nro. 30324)
[ vista simple ]
| 000 -ENCABEZADO | |
|---|---|
| Número de control [NR] | 00891nam a2200253Ia 4500 |
| 008 - DE LONGITUD FIJA DE DATOS DE ELEMENTOS - INFORMACIÓN GENERAL | |
| Elementos de longitud fija [NR] | 130821s1998 mx gr spa |
| 020 ## - NUMERO INTERNACIONAL NORMALIZADO PARA LIBROS [R] | |
| Número Internacional Normalizado del libro [NR] | 9681654544 |
| 040 ## - FUENTE DE CATALOGACION [NR] | |
| Agencia de catalogación original [NR] | Co-BoUCM |
| Idioma de catalogación [NR] | spa |
| 041 00 - CODIGO DE IDIOMA [R] | |
| Código de idioma para texto/pista de sonido o título separado [R] | Español |
| 100 1# - ASIENTO PRINCIPAL--NOMBRE PERSONAL [NR] | |
| Nombre personal [NR] | Eagleton, Terry |
| Fechas asociadas con el nombre [NR] | 1943- |
| 245 10 - MENCION DE TITULO [NR] | |
| Título [NR] | Una introducción a la teoría literaria |
| Mención de responsabilidad, etc. [NR] | Terry Eagleton; traducción de José Esteban Calderón. |
| 250 ## - MENCION DE EDICION [NR] | |
| Mención de edición [NR] | 2a. ed. |
| 260 ## - PUBLICACION, DISTRIBUCION, ETC. (PIE DE IMPRENTA) [R] | |
| Lugar de publicación, distribución, etc. [R] | México D.F. (México) |
| Nombre del editor, distribuidor, etc. [R] | Fondo de Cultura Económica |
| Fecha de publicación, distribución, etc. [R] | 1998 |
| 300 ## - DESCRIPCION FISICA [R] | |
| Extensión [R] | 291 páginas |
| 504 ## - NOTA DE BIBLIOGRAFIA, ETC. [R] | |
| Nota de bibliografía, etc. [NR] | |
| 650 04 - ASIENTO SECUNDARIO DE MATERIA - TERMINO TEMATICO [R] | |
| Término temático o nombre geográfico como elemento de entrada [NR] | Crítica literaria |
| 9 (RLIN) | 12204 |
| 650 04 - ASIENTO SECUNDARIO DE MATERIA - TERMINO TEMATICO [R] | |
| Término temático o nombre geográfico como elemento de entrada [NR] | Estilo literario |
| 9 (RLIN) | 15088 |
| 650 04 - ASIENTO SECUNDARIO DE MATERIA - TERMINO TEMATICO [R] | |
| Término temático o nombre geográfico como elemento de entrada [NR] | Estructuralismo (Análisis literario) |
| 650 04 - ASIENTO SECUNDARIO DE MATERIA - TERMINO TEMATICO [R] | |
| Término temático o nombre geográfico como elemento de entrada [NR] | Semiología (Lingüística) |
| 700 1# - ASIENTO SECUNDARIO - NOMBRE PERSONAL [R] | |
| Nombre personal [NR] | CALDERON, José Esteban. |
| Término de relación [R] | |
| 765 10 - ASIENTO DE IDIOMA ORIGINAL [R] | |
| Título [NR] | Literary theory. An introduction. |
| 942 ## - ELEMENTOS DE ENTRADA AGREGADOS (KOHA) | |
| Tipo de ítem principal el descrito en 300a | Libro |
| Tema principal | Literatura |
| Edición | 2 |
| Parte restante de la signatura top. | E11u |
| Sistema de clasificación | DEWEY |
| Clasificación | 801.95 |
| Fecha de último préstamo | Total préstamos | Total Renewals | Signatura topográfica | Código de barras | Última vez visto | Volúmen / Fascículo | Ejemplar | Price effective from | Tipo de ítem | Perdido | Sistema de clasificación | Dañado | No prestable | Tipo de ítem específico | Suprimido | Ubicación habitual | Ubicación actual | Localización | Fecha de creación | Forma de adquisición | Costo |
|---|---|---|---|---|---|---|---|---|---|---|---|---|---|---|---|---|---|---|---|---|---|
| 06/02/2019 | 27 | 2 | 801.95 E11u | 100053435 | 06/12/2025 | 2a. Ed | Ej.1 | 03/02/2013 | Libro | DEWEY | Libro | Claustro | Claustro | 2do piso | 28/02/2003 | Donación | 0.00 | ||||
| 30/09/2024 | 16 | 801.95 E11u | 100070509 | 06/12/2025 | 2a. Ed | Ej.2 | 03/02/2013 | Libro | DEWEY | Libro | Claustro | Claustro | 2do piso | 28/02/2004 | Compra | 10000.00 |